| 000 | 00934cam a22002055a 4500 | ||
|---|---|---|---|
| 001 | L159089 | ||
| 008 | 160114s2016 xxk f 000 0 eng d | ||
| 035 | _a(Sirsi) u159089 | ||
| 041 | 0 | _aeng | |
| 110 | 2 |
_aColliers International _95548 |
|
| 245 | 0 | 0 |
_aGlobal Investor Outlook 2016 _h[electronic resource] |
| 260 |
_a[S.I] _b[s.n] _c2016 |
||
| 520 | _aBased on the results of a survey of 600 investors in the Americas, EMEA and Asia provides market insight into the likely direction of commercial real estate investment in 2016 globally. Indicates that investors will wish to invest in real estate. Provides a global overview of predicted market trends and a regional breakdown. | ||
| 590 | _aNTK | ||
| 651 | 4 | _aInternational | |
| 690 |
_aInvestments _96250 |
||
| 690 |
_aCommercial property _96227 |
||
| 856 | 4 | 0 |
_uhttps://www.colliers.com/en-GB/UK/insights/research-the-market _zView the report at www.colliers.com |
| 942 | _n0 | ||
| 999 |
_c115668 _d115668 |
||